Natural Disasters and extreme events in Agriculture : Impacts and mitigation (Record no. 367216)

MARC details
000 -LEADER
fixed length control field 005570000a22001810004500
020 ## - INTERNATIONAL STANDARD BOOK NUMBER
International Standard Book Number 9783540224907
060 ## - NATIONAL LIBRARY OF MEDICINE CALL NUMBER
Classification number 100
082 ## - DEWEY DECIMAL CLASSIFICATION NUMBER
Classification number 630.954 SIV
100 ## - MAIN ENTRY--PERSONAL NAME
Personal name Das, H P
100 ## - MAIN ENTRY--PERSONAL NAME
Personal name Motha, R P
100 ## - MAIN ENTRY--PERSONAL NAME
Personal name Sivakumar Mannava, V K
245 ## - TITLE STATEMENT
Title Natural Disasters and extreme events in Agriculture : Impacts and mitigation
260 ## - PUBLICATION, DISTRIBUTION, ETC. (IMPRINT)
Place of publication, distribution, etc. Netherlands, Springer -
260 ## - PUBLICATION, DISTRIBUTION, ETC. (IMPRINT)
Date of publication, distribution, etc. 2005
300 ## - PHYSICAL DESCRIPTION
Extent xxii,367
650 ## - SUBJECT ADDED ENTRY--TOPICAL TERM
Topical term or geographic name as entry element Drought Policy, Forest fires, ENSO Hazard Assessment, Dust storms, Remote Sensing Forest Degradation, Climate change
942 ## - ADDED ENTRY ELEMENTS (KOHA)
Koha item type Books (General)
Holdings
Withdrawn status Lost status Damaged status Not for loan Home library Current library Date acquired Total Checkouts Full call number Barcode Date last seen Price effective from Koha item type
        College of Agriculture, Vellayani College of Agriculture, Vellayani 02/05/2014   630.954 SIV KAU_COAV-27161 11/11/2019 02/05/2014 Books (General)
Kerala Agricultural University Central Library
Thrissur-(Dt.), Kerala Pin:- 680656, India
Ph : (+91)(487) 2372219
E-mail: librarian@kau.in
Website: http://library.kau.in/